000 00463nam a2200181Ia 4500
001 9702
005 20260306161737.0
008 260306t1981||||xx |||||||||||||| ||spa||
041 _aESP
082 _a398.20985019
_bU73
100 _aUrbano, Henrrique
_eAUT
245 0 _aWiracocha Y Ayar:
_bHéroes y funciones en las sociedades andinas
260 _c1981
300 _a185 páginas :
_c23 cm.
650 _aGEN
654 _aCHU
942 _cLIB
_dJUS
_fJUS
_2ddc
_n
999 _c9702
_d9702